El manuscrito interrumpido de Marc Bloch: apología para la historia o el oficio de historiador

Uloženo v:
Podrobná bibliografie
Hlavní autor: Mastrogregori, Massimo (autor)
Médium: Kniha
Jazyk:španělština
Vydáno: Ciudad de México Fondo de Cultura Económica 1998
Edice:Sección de Obras de Historia
Témata:
Tagy: Přidat tag
Žádné tagy, Buďte první, kdo vytvoří štítek k tomuto záznamu!

MARC

LEADER 00000nam a2200000 a 4500
001 UCO8720
003 CL-VaPUC
008 001221e19980000MX |||||||||||||||||spa|d
082 0 4 |a 907.2  |b MAS  |2 21 
100 |a Mastrogregori, Massimo  |e autor  |9 453559 
245 1 3 |a El manuscrito interrumpido de Marc Bloch: apología para la historia o el oficio de historiador 
300 |a 141 p 
942 |c BK 
945 |d 20001221 00:00:00  |a vberengu 
260 |a Ciudad de México  |b Fondo de Cultura Económica  |c 1998 
600 0 7 |a BLOCH, MARC LEOPOLD BENJAMIN  |2 CL-VaPUC  |9 453560 
650 0 |a Historiadores  |9 314498 
650 0 |a Historiografía   |9 257871 
583 |a last modification  |c 20001221 00:00:00  |k Rodrigo Vera 
490 0 |a Sección de Obras de Historia 
999 |c 293189  |d 293187 
952 |0 0  |1 0  |4 0  |6 907_200000000000000_MAS_1998  |7 0  |8 A  |9 344526  |a BIBHIS  |b BIBHIS  |d 2019-11-20  |i 3675521  |l 3  |m 1  |o 907.2 MAS 1998  |p 3675521  |r 2025-04-16  |s 2025-04-02  |w 2019-11-20  |y BK  |k HIS